Puzzle z nazwami podzielonych krajów #2 - Statystyki

Ogólne statystyki
  • Ten quiz został rozwiązany 269 razy
  • Średni wynik to 15 z 20
Statystyki odpowiedzi
kraj % Poprawnych
ALB AN IA Albania
98%
BIAŁ OR Białoruś
97%
ARGE NT YNA Argentyna
94%
HOL AN DIA Holandia
93%
KAZ ACHS TAN Kazachstan
93%
SŁO WA CJA Słowacja
93%
DOM IN IKA Dominika
91%
HON DU RAS Honduras
79%
BU ŁGA RIA Bułgaria
74%
FI NLA NDIA Finlandia
74%
SIER RAL EONE Sierra Leone
70%
KI RGI STAN Kirgistan
69%
MO NGOL IA Mongolia
69%
MAU RITI US Mauritius
65%
GR UZ JA Gruzja
59%
BO LI WIA Boliwia
57%
TU RC JA Turcja
57%
KI RIB ATI Kiribati
51%
GA MB IA Gambia
42%
ME KS YK Meksyk
37%
Nie znaleziono quizów pasujących do podanych kryteriów
Rozkład punktacji
Procent ludzi z każdym wynikiem
Percentyl według liczby udzielonych odpowiedzi
Twoja historia wyników
Nie rozwiązałeś tego quizu